000 00658nam a2200181Ia 4500
008 100920s9999 xx 000 0 und d
082 _b101746
_a891.43 न 05
100 _aनीलाभ.
245 _aखतरा अगले मोड की उस तरफ है.
260 _bसदाशिव प्रका. इलाहाबाद.
_c2005
300 _a143
_bसाधी
365 _b130
520 _aहिंदी.
630 _aखतरा अगले मोड की उस तरफ है.
650 _aहिंदी.
730 _aखतरा अगले मोड की उस तरफ है.
942 _cBOOK
999 _c742179
_d742176